LEADER 01338nam a2200241 u 4500 001 000000034931 003 CaOOAMICUS 005 20070226112528.0 008 980216s1929 gw u000 u ger u 035 $a10782750 040 $aPUL(R)$bita 100 1 $aSchlüter, Johannes.$0(OLS)http://pul/name/26836 245 10$aRechtsgeschäfte der katholischen Kirchengemeinden in Preussen :$bDarstellung der Regelung der Rechtsgültigkeit der Beschlüsse der kirchlichen Derwaltungsorgane auf der Grundlage der Anordnung vom 20. Februar 1928 (GS. 12) /$cvon Johannes Schlüter .. 260 $a[s.l.] :$bM. Gladbach,$c1929. 300 $a112 p. ;$c22 cm 500 $aContiene indici: pp. 105-112. 650 4$aDiritto ecclesiastico$zGermania.$0(OLS)http://pul/subject/7664 850 $aPUL 852 $aPUL$W1$xDP2 Diritto Canonico 1$y64$m147 B 46$j47838$nBK-PRI$qStampati$B47838$CPULBib$Z2$F47838 $H21651 $82 941 1 $a8 961 $aPrecedente collocazione: 60-D. 996 $6245$aRechtsgeschäfte der katholischen Kirchengemeinden in Preussen :$bDarstellung der Regelung der Rechtsgültigkeit der Beschlüsse der kirchlichen Derwaltungsorgane auf der Grundlage der Anordnung vom 20. Februar 1928 (GS. 12)$9(OLS)http://pul/title/48102 996 $6260$a[s.l.] :$bM. Gladbach$9(OLS)http://pul/publisher/62257 LEADER 01556nam a2200325 u 4500 001 000000055691 003 CaOOAMICUS 005 20070226115819.0 008 010228s1984 it u000 u ita u 035 $a10868493 040 $aPUL(R)$bita 041 1 $aita$alat 100 1 $aPlautus, Titus Maccius,$dm. 184 a.C.$0(OLS)http://pul/name/13889 240 10$aOpere$9(Plautus, Titus Maccius, m. 184 a.C.).$lItaliano e latino.$0(OLS)http://pul/title/74529 245 10$aTutte le commedie /$cTito Maccio Plauto ; a cura di Ettore Paratore. 260 $aLa Spezia :$bFratelli Melita,$c1984. 300 $av. ;$c20 cm 490 1 $aLetteratura ;$v44,45-46 504 $aNote bibliografiche. 505 1 $aV.2: Captivi, Casina, Cistellaria, Carculio, Epidicus -- v.4: Persa, Poenulus, Pseudolus -- v.5: Rudens, Stichus, trinummus, Truculens, Vidularia. 650 4$aLetteratura latina$xTraduzioni in italiano.$0(OLS)http://pul/subject/22578 700 1 $aParatore, Ettore,$d1907-2000.$0(OLS)http://pul/name/16842 830 0$aLetteratura (Fratelli Melita) ;$v42; 44-45.$0(OLS)http://pul/title/74531 850 $aPUL 852 $aPUL$W1$xDP1 Altre Collocazioni$y17$mSenza collocazione$j12$nBK-PRI$b $qStampati$B73196$CPULBib$Z2$F73196 $H $81 900 $aPlauto, Tito Maccio,$dm. 184 a.C.$913889 900 $aTitus Maccius Plautus,$dm. 184 a.C.$913889 941 1 $a8 996 $6245$aTutte le commedie$9(OLS)http://pul/title/74530 996 $6260$aLa Spezia :$bFratelli Melita$9(OLS)http://pul/publisher/69062